| 000 | 00366cam a22001217a 4500 | ||
|---|---|---|---|
| 008 | 180718b1969 xxu||||| |||| 00| 0 eng d | ||
| 082 | _aA99 H613/K527 | ||
| 100 | _aKhanolkar, G.D. | ||
| 245 |
_aWalchand Hirachand: man, his times and achievements _cby G.D. Khanolkar |
||
| 260 |
_aBombay _bWalchand _c1969 |
||
| 300 | _a679p. | ||
| 650 | _aHirachand, Walchan,d 1882-1953 | ||
| 999 |
_c369150 _d369150 |
||